| 000 | 00643nam a2200217 a 4500 | ||
|---|---|---|---|
| 005 | 20240806064031.0 | ||
| 008 | 021008s1996 es r 000 0 spa d | ||
| 020 | _a8433906909 | ||
| 035 | _aUPN01000120008 | ||
| 049 | _aCG | ||
| 050 | 4 |
_aPS3551 U8 _bS6.68 1996 |
|
| 100 | 1 |
_aAuster, Paul, _d1947- _928861 |
|
| 245 | 1 | 0 |
_aSmoke and blue in the face / _cPaul Auster ; tr. Maribel de Juan. |
| 250 | _a4a ed. | ||
| 260 |
_aBarcelona, Esp. : _bAnagrama, _c1996. |
||
| 300 | _a306 p. | ||
| 440 | 0 |
_aPanorama de narrativas ; _v339 |
|
| 650 | 4 |
_aLiteratura estadounidense _95229 |
|
| 650 | 4 |
_aCINEMATOGRAFIA ESTADOUNIDENSE _98630 |
|
| 905 | _aLibro | ||
| 999 |
_c92358 _d92358 |
||